书目信息 |
| 题名: |
黄酮化学
|
|
| 作者: | 张培成 主编 | |
| 分册: | ||
| 出版信息: | 北京 化学工业出版社 2009 |
|
| 页数: | 390页 | |
| 开本: | 26cm | |
| 丛书名: | 天然产物化学丛书 | |
| 单 册: | ||
| 中图分类: | O626.31 | |
| 科图分类: | ||
| 主题词: | 黄酮类化合物--研究 , 黄酮类化合物 | |
| 电子资源: | ||
| ISBN: | 978-7-122-03626-1 | |
| 000 | 00919oam2 2200277 45 | |
| 001 | 1033067343 | |
| 005 | 20100409104334.89 | |
| 010 | @a978-7-122-03626-1@dCNY68.00 | |
| 100 | @a20100401d2009 em y0chiy50 ea | |
| 101 | 0 | @achi |
| 102 | @aCN@b110000 | |
| 105 | @ay z 001yy | |
| 106 | @ar | |
| 200 | 1 | @a黄酮化学@AHuang Tong Hua Xue@f张培成主编@FZhang Pei Cheng Zhu Bian |
| 210 | @a北京@c化学工业出版社@d2009 | |
| 215 | @a390页@d26cm | |
| 225 | 2 | @a天然产物化学丛书 |
| 320 | @a有索引(387页-390页) | |
| 330 | @a本书内容包括:黄酮类化合物在自然界中的分布、结构分类及多样性、研究进展情况、化合物的性质、谱学特征与结构鉴定、化学与生物合成及其生物活性等。 | |
| 461 | 0 | @12001 @a天然产物化学丛书 |
| 606 | 0 | @a黄酮类化合物@x研究 |
| 606 | 0 | @a黄酮类化合物 |
| 690 | @aO626.31@v4 | |
| 701 | 0 | @a张培成@AZhang Pei Cheng@f(1964.5~)@4主编 |
| 801 | 0 | @aCN@bTANGWEI@c20100409 |
| 905 | @b0588049-53@dO626.31@e7@f5 | |
| 黄酮化学/张培成主编.-北京:化学工业出版社,2009 |
| 390页;26cm.-(天然产物化学丛书) |
| ISBN 978-7-122-03626-1:CNY68.00 |
| 本书内容包括:黄酮类化合物在自然界中的分布、结构分类及多样性、研究进展情况、化合物的性质、谱学特征与结构鉴定、化学与生物合成及其生物活性等。 |
| ● |
| 相关链接 |
|
|
|
|
正题名:黄酮化学
索取号:O626.31/7
 
预约/预借
| 序号 | 登录号 | 条形码 | 馆藏地/架位号 | 状态 | 备注 |
| 1 | 0588049 | 205880493 | 第二样本阅览室/ [索取号:O626.31/7] | 在馆 | |
| 2 | 0588050 | 205880509 | 第三借阅区/ [索取号:O626.31/7] | 在馆 | |
| 3 | 0588051 | 205880518 | 第三借阅区/ [索取号:O626.31/7] | 在馆 | |
| 4 | 0588052 | 205880527 | 第三借阅区/ [索取号:O626.31/7] | 在馆 | |
| 5 | 0588053 | 205880536 | 第三借阅区/ [索取号:O626.31/7] | 在馆 |